[Event "Vandoeuvre op 16th"]
[Site "Vandoeuvre"]
[Date "2019.12.28"]
[Round "5"]
[White "Ikonnikov, Vyacheslav"]
[Black "Gertosio, Franck"]
[Result "1-0"]
[WhiteElo "2501"]
[BlackElo "2313"]
[PlyCount "85"]
[EventDate "2019.12.26"]
[EventType "swiss"]
[EventRounds "9"]
[EventCountry "FRA"]
[SourceTitle "CBM 194 Extra"]
[Source "ChessBase"]
[SourceDate "2020.03.31"]
[SourceVersion "1"]
[SourceVersionDate "2020.03.31"]
[SourceQuality "1"]

1. d4 d5 2. Nf3 Nf6 3. c4 e6 4. Nc3 Be7 5. Bg5 0-0 6. e3 b6 7. Rc1 Bb7 8. Bxf6 Bxf6 9. cxd5 exd5 10. Bd3 c5 11. 0-0 Na6 12. Re1 Nc7 13. dxc5 bxc5 14. Na4 c4 15. Bb1 Ne6 16. e4 Bg5 17. Nxg5 Qxg5 18. Qf3 Nf4 19. Nc5 Bc8 20. h4 Qg4 21. exd5 Qxf3 22. gxf3 Nxd5 23. Be4 Be6 24. Rxc4 Rac8 25. Nxe6 fxe6 26. Rec1 Rb8 27. b3 Nf6 28. Kg2 Rbd8 29. R1c2 Nxe4 30. fxe4 Rd7 31. Rc7 Rfd8 32. Rxd7 Rxd7 33. Rc6 Kf7 34. Ra6 h5 35. Kf3 Kf6 36. Kf4 Rf7 37. f3 g5+ 38. hxg5+ Kg6+ 39. Kg3 Kxg5 40. f4+ Kf6 41. Kh4 Kg7 42. Rxe6 Rxf4+ 43. Kxh5 1-0

[Event "Francophone-ch blitz 5th"]
[Site "Cannes"]
[Date "2018.07.13"]
[Round "11"]
[White "Gertosio, Franck"]
[Black "Lagarde, Maxime"]
[Result "1/2-1/2"]
[WhiteElo "2198"]
[BlackElo "2615"]
[PlyCount "112"]
[EventDate "2018.07.13"]
[EventType "swiss (blitz)"]
[EventRounds "11"]
[EventCountry "FRA"]
[SourceTitle "CBM 185 Extra"]
[Source "ChessBase"]
[SourceDate "2018.07.29"]
[SourceVersion "1"]
[SourceVersionDate "2018.07.29"]
[SourceQuality "1"]

1. e4 c5 2. Nf3 Nc6 3. Bb5 g6 4. 0-0 Bg7 5. Re1 Nf6 6. e5 Nd5 7. Nc3 Nc7 8. Bxc6 bxc6 9. Ne4 Ne6 10. d3 h6 11. Be3 d6 12. c3 0-0 13. Qd2 Kh7 14. h4 f5 15. exf6 exf6 16. Bf4 d5 17. Nd6 Bd7 18. Bh2 g5 19. h5 Nc7 20. Nb7 Qc8 21. Nxc5 Bg4 22. Nd4 Rf7 23. f3 Bxh5 24. Re2 Bf8 25. Nce6 Nxe6 26. Nxe6 Qd7 27. Rae1 Kg8 28. Nxf8 Raxf8 29. d4 Bg6 30. Qe3 Qf5 31. Qe6 Qxe6 32. Rxe6 Rc8 33. Re7 c5 34. dxc5 Rxc5 35. Bd6 Rb5 36. Ba3 Rb7 37. Re8+ Kg7 38. Rd8 Rfd7 39. Rxd7+ Rxd7 40. Rd1 Kf7 41. Kf2 h5 42. Rd4 h4 43. Bc5 Bb1 44. a4 Ba2 45. b4 a6 46. b5 axb5 47. axb5 Bc4 48. b6 Rb7 49. Rd1 Ke6 50. Re1+ Kf7 51. Ra1 Bb5 52. Ra8 Ke6 53. Rc8 Kd7 54. Rf8 Ke6 55. Rc8 Kd7 56. Rf8 Ke6 1/2-1/2

[Event "Condom op 15th"]
[Site "Condom"]
[Date "2016.07.11"]
[Round "4"]
[White "Le Roux, Jean Pierre"]
[Black "Gertosio, Franck"]
[Result "1-0"]
[WhiteElo "2569"]
[BlackElo "2273"]
[PlyCount "57"]
[EventDate "2016.07.09"]
[EventType "swiss"]
[EventRounds "9"]
[EventCountry "FRA"]
[SourceTitle "EXT 2017"]
[Source "ChessBase"]
[SourceDate "2016.10.25"]
[SourceVersion "1"]
[SourceVersionDate "2016.10.25"]
[SourceQuality "1"]

1. d4 d6 2. g3 f5 3. Bg2 Nf6 4. Nh3 g6 5. c3 c6 6. 0-0 Bg7 7. Qb3 Qb6 8. Nd2 Qxb3 9. axb3 Kd8 10. e4 Nxe4 11. Nxe4 fxe4 12. Ng5 Kc7 13. Bxe4 h6 14. Nf7 Rf8 15. Nxh6 Be6 16. Re1 Kd7 17. f3 d5 18. Bc2 Rxf3 19. Bd1 Rf8 20. Ng4 Bf5 21. Bf4 a6 22. Bf3 Kd8 23. Re2 Nd7 24. Rae1 Bf6 25. Nxf6 Nxf6 26. Rxe7 Be4 27. Rg7 Bxf3 28. Bg5 Be4 29. Bxf6+ 1-0

[Event "La Roda op 41st"]
[Site "La Roda"]
[Date "2014.04.19"]
[Round "7"]
[White "Ramiro Ovejero, Juan Luis"]
[Black "Gertosio, Franck"]
[Result "1-0"]
[WhiteElo "2382"]
[BlackElo "2205"]
[PlyCount "67"]
[EventDate "2014.04.16"]
[EventType "swiss"]
[EventRounds "9"]
[EventCountry "ESP"]
[SourceTitle "CBM 159 Extra"]
[Source "ChessBase"]
[SourceDate "2014.04.24"]
[SourceVersion "1"]
[SourceVersionDate "2014.04.24"]
[SourceQuality "1"]

1. e4 d6 2. d4 Nf6 3. Nc3 Nbd7 4. f4 e5 5. Nf3 exd4 6. Qxd4 c6 7. Be3 d5 8. exd5 Bc5 9. Qd3 Qe7 10. Nd4 Ng4 11. Nf5 Nde5 12. Nxe7 Nxd3+ 13. Bxd3 Nxe3 14. Nxc8 Rxc8 15. dxc6 Rxc6 16. Ke2 0-0 17. Kf3 Bd4 18. Rhe1 Nc4 19. Nd5 Kh8 20. Bxc4 Rxc4 21. c3 Rc5 22. Rad1 Rxd5 23. Rxd4 Ra5 24. Re7 Kg8 25. a3 b6 26. Rdd7 a6 27. Rd6 Rb5 28. b4 g5 29. c4 Rf5 30. Re4 b5 31. c5 a5 32. g4 Rxf4+ 33. Rxf4 gxf4 34. Rb6 1-0

[Event "La Roda op 41st"]
[Site "La Roda"]
[Date "2014.04.19"]
[Round "6"]
[White "Rubio Mejia, Luis Ignacio"]
[Black "Gertosio, Franck"]
[Result "1/2-1/2"]
[WhiteElo "2457"]
[BlackElo "2205"]
[PlyCount "70"]
[EventDate "2014.04.16"]
[EventType "swiss"]
[EventRounds "9"]
[EventCountry "ESP"]
[SourceTitle "CBM 159 Extra"]
[Source "ChessBase"]
[SourceDate "2014.04.24"]
[SourceVersion "1"]
[SourceVersionDate "2014.04.24"]
[SourceQuality "1"]

1. d4 g6 2. c4 Bg7 3. Nc3 c5 4. d5 d6 5. e4 e6 6. Nge2 Ne7 7. Ng3 a6 8. Be3 0-0 9. Qd2 exd5 10. exd5 b5 11. cxb5 Qa5 12. Nge4 Nf5 13. bxa6 Nd4 14. Rd1 Nd7 15. Nxd6 Bxa6 16. Nc4 Qb4 17. Na3 Bxf1 18. Kxf1 Rfb8 19. Ne4 Qxb2 20. Qxb2 Rxb2 21. Nc4 Rc2 22. Ned2 Raxa2 23. g3 Nf5 24. Bf4 Ra4 25. Ne3 Nxe3+ 26. Bxe3 Bd4 27. Bf4 Ne5 28. Bxe5 Bxe5 29. Nf3 Bd6 30. Kg2 Raa2 31. Rhf1 c4 32. Nd4 Rcb2 33. Rc1 Ra4 34. Nc6 Rd2 35. Rfd1 Raa2 1/2-1/2

[Event "La Roda op 41st"]
[Site "La Roda"]
[Date "2014.04.18"]
[Round "5"]
[White "Gertosio, Franck"]
[Black "Barria Zuniga, Daniel"]
[Result "1/2-1/2"]
[WhiteElo "2205"]
[BlackElo "2452"]
[PlyCount "44"]
[EventDate "2014.04.16"]
[EventType "swiss"]
[EventRounds "9"]
[EventCountry "ESP"]
[SourceTitle "CBM 159 Extra"]
[Source "ChessBase"]
[SourceDate "2014.04.24"]
[SourceVersion "1"]
[SourceVersionDate "2014.04.24"]
[SourceQuality "1"]

1. e4 g6 2. d4 Bg7 3. Nc3 c6 4. Be3 Qb6 5. a3 d6 6. Bc4 Nd7 7. Nf3 e6 8. 0-0 d5 9. exd5 cxd5 10. Bxd5 exd5 11. Nxd5 Qc6 12. Nb4 Qb5 13. Re1 Kf8 14. Bf4 Bh6 15. c4 Qxc4 16. Qd2 Kg7 17. Rac1 Qb3 18. d5 Bxf4 19. Qxf4 Ngf6 20. Nd4 Qxb2 21. Nf5+ gxf5 22. Qg5+ Kf8 1/2-1/2

[Event "Francophone-ch rapid"]
[Site "St Laurent"]
[Date "2014.??.??"]
[Round "9"]
[White "Gertosio, Franck"]
[Black "Lamard, Guillaume"]
[Result "0-1"]
[WhiteElo "2216"]
[BlackElo "2307"]
[PlyCount "84"]
[EventDate "2014.07.05"]
[EventType "swiss (rapid)"]
[EventRounds "15"]
[EventCountry "FRA"]
[SourceTitle "CBM 161 Extra"]
[Source "ChessBase"]
[SourceDate "2014.08.29"]
[SourceVersion "1"]
[SourceVersionDate "2014.08.29"]
[SourceQuality "1"]

1. e4 c5 2. Nf3 e6 3. g3 d5 4. exd5 exd5 5. d4 Nc6 6. Be3 Bg4 7. c3 cxd4 8. cxd4 Qb6 9. Nbd2 Bd6 10. Bg2 Nge7 11. 0-0 0-0 12. h3 Bh5 13. g4 Bg6 14. Nb3 Be4 15. Nc5 Bxc5 16. dxc5 Qxb2 17. Nd4 Nxd4 18. Bxd4 Qb5 19. f3 Bd3 20. Re1 Ng6 21. Qd2 Rfe8 22. f4 Be4 23. f5 Ne5 24. Qf4 f6 25. Bxe4 dxe4 26. Qxe4 Rad8 27. Rab1 Qa6 28. Bxe5 Rxe5 29. Qc2 Red5 30. Rbd1 Qc6 31. Qc4 Kf8 32. Rxd5 Rxd5 33. Qe4 Qxc5+ 34. Kh1 Re5 35. Qb1 Qd5+ 36. Kg1 Qc5+ 37. Kh1 Qc6+ 38. Kg1 Qb6+ 39. Kh1 Qxb1 40. Rxb1 b6 41. Rb2 Re3 42. Kg2 Ra3 0-1

[Event "Francophone-ch rapid"]
[Site "St Laurent"]
[Date "2014.??.??"]
[Round "3"]
[White "Gertosio, Franck"]
[Black "Pile, Richard"]
[Result "0-1"]
[WhiteElo "2216"]
[BlackElo "2412"]
[PlyCount "94"]
[EventDate "2014.07.05"]
[EventType "swiss (rapid)"]
[EventRounds "15"]
[EventCountry "FRA"]
[SourceTitle "CBM 161 Extra"]
[Source "ChessBase"]
[SourceDate "2014.08.29"]
[SourceVersion "1"]
[SourceVersionDate "2014.08.29"]
[SourceQuality "1"]

1. e4 c5 2. Nf3 Nc6 3. Bb5 e6 4. 0-0 Nge7 5. Re1 a6 6. Bf1 d5 7. d3 g6 8. Bg5 Bg7 9. exd5 exd5 10. Nc3 h6 11. Bf4 0-0 12. Qd2 g5 13. Nxg5 hxg5 14. Bxg5 f6 15. Bh6 Nd4 16. Bxg7 Kxg7 17. Ne2 Qd6 18. Ng3 Rh8 19. c3 Ndf5 20. Qe2 Nxg3 21. Qxe7+ Qxe7 22. Rxe7+ Kf8 23. Rae1 Nf5 24. Rc7 Rg8 25. g3 Rg7 26. Rxc5 Ne7 27. Bg2 Bd7 28. Bxd5 Rg5 29. c4 Bc6 30. h4 Rf5 31. b4 Nxd5 32. cxd5 Rxd5 33. Rxd5 Bxd5 34. a3 Rc8 35. Kh2 Rc2 36. Rf1 Bf3 37. g4 Bxg4 38. Kg3 Bf5 39. Kf4 Bxd3 40. Rd1 Rc4+ 41. Ke3 Bf5 42. h5 Re4+ 43. Kf3 Bg4+ 44. Kxe4 Bxd1 45. Kf5 Kf7 46. h6 Bc2+ 47. Kf4 Kg6 0-1

[Event "Saint Affrique op 20th"]
[Site "Saint Affrique"]
[Date "2012.07.24"]
[Round "5"]
[White "Maupin, Valerie"]
[Black "Gertosio, Franck"]
[Result "1-0"]
[WhiteElo "2024"]
[BlackElo "2215"]
[PlyCount "63"]
[EventDate "2012.07.21"]
[EventType "swiss"]
[EventRounds "9"]
[EventCountry "FRA"]
[SourceTitle "CBM 149 Extra"]
[Source "ChessBase"]
[SourceDate "2012.08.24"]
[SourceVersion "1"]
[SourceVersionDate "2012.08.24"]
[SourceQuality "1"]

1. d4 d6 2. c4 e5 3. dxe5 dxe5 4. Qxd8+ Kxd8 5. Nc3 Be6 6. b3 c6 7. Nf3 f6 8. e4 Nd7 9. Be2 Bb4 10. Bb2 Nc5 11. Nd2 Kc7 12. a3 Bxc3 13. Bxc3 a5 14. 0-0 Ne7 15. g3 Bh3 16. Rfd1 h5 17. Rab1 h4 18. b4 Ne6 19. Nb3 hxg3 20. hxg3 a4 21. Nc5 Nxc5 22. bxc5 Ng6 23. f3 Bc8 24. Kg2 Bh3+ 25. Kf2 f5 26. Rd6 Rh6 27. Rh1 Rah8 28. Rxh3 Rxh3 29. Rxg6 Rh2+ 30. Ke3 f4+ 31. Kd2 Rd8+ 32. Ke1 1-0

[Event "Condom op-A 10th"]
[Site "Condom"]
[Date "2011.07.13"]
[Round "6"]
[White "Wohl, Aleksandar H"]
[Black "Gertosio, Franck"]
[Result "1-0"]
[WhiteElo "2405"]
[BlackElo "2202"]
[PlyCount "37"]
[EventDate "2011.07.09"]
[EventType "swiss"]
[EventRounds "9"]
[EventCountry "FRA"]
[SourceTitle "CBM 143 Extra"]
[Source "ChessBase"]
[SourceDate "2011.08.29"]
[SourceVersion "1"]
[SourceVersionDate "2011.08.29"]
[SourceQuality "1"]

1. e4 d6 2. d4 Nf6 3. Nc3 e5 4. Nge2 Nbd7 5. h3 Be7 6. g4 h6 7. Bg2 g5 8. b3 c6 9. Bb2 Nh7 10. Qd2 Nhf8 11. Nd1 Ng6 12. Ne3 Bf6 13. Nf5 Nh4 14. Nxd6+ Kf8 15. 0-0 exd4 16. f4 c5 17. e5 Bg7 18. e6 Nf6 19. Nxf7 1-0

[Event "Calvi Balagne op 08th"]
[Site "Calvi"]
[Date "2011.04.27"]
[Round "3"]
[White "Terrieux, Kevin"]
[Black "Gertosio, Franck"]
[Result "1-0"]
[WhiteElo "2422"]
[BlackElo "2166"]
[PlyCount "55"]
[EventDate "2011.04.26"]
[EventType "swiss"]
[EventRounds "8"]
[EventCountry "FRA"]
[SourceTitle "CBM 142 Extra"]
[Source "ChessBase"]
[SourceDate "2011.06.27"]
[SourceVersion "1"]
[SourceVersionDate "2011.06.27"]
[SourceQuality "1"]

1. d4 Nf6 2. c4 g6 3. Nc3 d5 4. cxd5 Nxd5 5. Bd2 Bg7 6. e4 Nb6 7. Be3 0-0 8. Be2 Nc6 9. Nf3 Bg4 10. e5 Nb4 11. 0-0 N4d5 12. h3 Bxf3 13. Bxf3 c6 14. Qe2 f6 15. Rfd1 Nxc3 16. bxc3 fxe5 17. dxe5 Qc7 18. a4 Qxe5 19. c4 Rad8 20. Rdc1 Qa5 21. Ra2 Qb4 22. Bg5 Nc8 23. c5 h6 24. Be3 Kh7 25. a5 a6 26. Qc2 Rg8 27. Be4 Bd4 28. Ra4 1-0

[Event "FRA-ch U18"]
[Site "Troyes"]
[Date "2010.04.14"]
[Round "5"]
[White "Gertosio, Franck"]
[Black "Duboue, Peio"]
[Result "0-1"]
[WhiteElo "2068"]
[BlackElo "1986"]
[PlyCount "64"]
[EventDate "2010.04.11"]
[EventType "swiss"]
[EventRounds "9"]
[EventCountry "FRA"]
[SourceTitle "EXT 2012"]
[Source "ChessBase"]
[SourceDate "2011.11.24"]
[SourceVersion "1"]
[SourceVersionDate "2011.11.24"]
[SourceQuality "1"]

1. e4 e5 2. Nf3 Nc6 3. d4 exd4 4. Nxd4 Nf6 5. Nxc6 bxc6 6. e5 Qe7 7. Qe2 Nd5 8. c4 Ba6 9. b3 g6 10. Qe4 f5 11. Qd4 Nb4 12. Qc3 Bg7 13. f4 c5 14. Nd2 Bb7 15. Bb2 0-0 16. a3 Nc6 17. Nf3 a5 18. 0-0-0 a4 19. h4 Ra6 20. h5 Rb6 21. bxa4 Rb8 22. hxg6 hxg6 23. a5 Nxa5 24. Qxa5 Bxf3 25. gxf3 Rxb2 26. Bd3 d6 27. Rdg1 Qf7 28. Qc3 dxe5 29. fxe5 R2b3 30. Qd2 Rd8 31. Qe2 Rdxd3 32. e6 Qf6 0-1

[Event "Nice op"]
[Site "Nice"]
[Date "2009.08.??"]
[Round "8"]
[White "Gertosio, Franck"]
[Black "Alberola, Raphael"]
[Result "1-0"]
[WhiteElo "2038"]
[BlackElo "1923"]
[PlyCount "47"]
[EventDate "2009.08.??"]
[EventType "swiss"]
[EventRounds "9"]
[EventCountry "FRA"]
[SourceTitle "EXT 2010"]
[Source "ChessBase"]
[SourceDate "2010.11.25"]
[SourceVersion "1"]
[SourceVersionDate "2010.11.25"]
[SourceQuality "1"]

1. e4 d5 2. exd5 Qxd5 3. Nc3 Qa5 4. d4 Nf6 5. Bd2 Qb6 6. Nf3 Bg4 7. Be2 Nc6 8. d5 Nb4 9. Na4 Qd6 10. c4 Bxf3 11. Bxf3 Nd3+ 12. Kf1 e5 13. Qb3 Qa6 14. Qxd3 Qxa4 15. Re1 0-0-0 16. Qb3 Qa6 17. Rxe5 Bd6 18. Be2 Bxe5 19. c5 Ne4 20. Qh3+ Qe6 21. dxe6 Nxd2+ 22. Ke1 Kb8 23. e7 Rd5 24. Qf5 1-0

[Event "Nice op"]
[Site "Nice"]
[Date "2009.08.??"]
[Round "4"]
[White "Gertosio, Franck"]
[Black "Lazarev, Vladimir"]
[Result "0-1"]
[WhiteElo "2038"]
[BlackElo "2462"]
[PlyCount "58"]
[EventDate "2009.08.??"]
[EventType "swiss"]
[EventRounds "9"]
[EventCountry "FRA"]
[SourceTitle "EXT 2010"]
[Source "ChessBase"]
[SourceDate "2010.11.25"]
[SourceVersion "1"]
[SourceVersionDate "2010.11.25"]
[SourceQuality "1"]

1. e4 c5 2. Nf3 Nc6 3. d4 cxd4 4. Nxd4 Qc7 5. Nc3 e6 6. Be3 a6 7. g3 Nf6 8. Bg2 d6 9. h3 Be7 10. Nde2 b5 11. g4 h6 12. f4 Bb7 13. 0-0 Na5 14. b3 Rc8 15. Qe1 Nd7 16. Qf2 Nc6 17. h4 Nf6 18. Bf3 h5 19. g5 Ng4 20. Bxg4 hxg4 21. Qg3 b4 22. Na4 Nb8 23. g6 Bxh4 24. gxf7+ Qxf7 25. Qxg4 Bxe4 26. Nd4 Bf6 27. f5 Rh4 28. Qg3 Qh5 29. fxe6 Rg4 0-1

[Event "Saint Affrique op 17th"]
[Site "Saint Affrique"]
[Date "2009.07.24"]
[Round "8"]
[White "Laclau, Daniel"]
[Black "Gertosio, Franck"]
[Result "0-1"]
[WhiteElo "2296"]
[BlackElo "2038"]
[PlyCount "42"]
[EventDate "2009.07.18"]
[EventType "swiss"]
[EventRounds "9"]
[EventCountry "FRA"]
[SourceTitle "EXT 2010"]
[Source "ChessBase"]
[SourceDate "2010.11.25"]
[SourceVersion "1"]
[SourceVersionDate "2010.11.25"]
[SourceQuality "1"]

1. c4 d6 2. Nf3 e5 3. Nc3 g6 4. d4 exd4 5. Nxd4 Bg7 6. e4 Nf6 7. Be2 0-0 8. 0-0 Re8 9. f3 c6 10. Kh1 d5 11. exd5 cxd5 12. c5 Nc6 13. Ncb5 Qe7 14. Bf4 Nxd4 15. Nxd4 Qxc5 16. Nb5 Nh5 17. Bd6 Qb6 18. Nc7 Rd8 19. Nxa8 Qxd6 20. Rc1 Bh6 21. Rc3 d4 0-1

[Event "Condom op-A"]
[Site "Condom"]
[Date "2009.07.17"]
[Round "8"]
[White "Lacroix, Romain"]
[Black "Gertosio, Franck"]
[Result "1-0"]
[WhiteElo "2141"]
[BlackElo "2038"]
[PlyCount "49"]
[EventDate "2009.07.11"]
[EventType "swiss"]
[EventRounds "9"]
[EventCountry "FRA"]
[SourceTitle "CBM 131 Extra"]
[Source "ChessBase"]
[SourceDate "2009.09.03"]
[SourceVersion "2"]
[SourceVersionDate "2009.09.16"]
[SourceQuality "1"]

1. e4 d6 2. d4 Nf6 3. Nc3 c6 4. Be3 Qa5 5. Bd3 Ng4 6. Bd2 e5 7. h3 Nf6 8. Nf3 Nbd7 9. 0-0 Qc7 10. Bc4 b5 11. Bb3 Be7 12. Qe2 a6 13. dxe5 dxe5 14. Nh4 Nc5 15. Nf5 Bxf5 16. exf5 a5 17. a3 Nxb3 18. cxb3 0-0 19. Rfe1 Nd7 20. Rac1 Nc5 21. Ne4 Nxb3 22. f6 Bxf6 23. Nxf6+ gxf6 24. Bh6 Kh8 25. Qf3 1-0

[Event "FRA-ch op-B"]
[Site "Aix les Bains"]
[Date "2007.08.25"]
[Round "11"]
[White "Bollard, Maxime"]
[Black "Gertosio, Franck"]
[Result "1-0"]
[WhiteElo "1949"]
[BlackElo "1903"]
[PlyCount "63"]
[EventDate "2007.08.13"]
[EventType "swiss"]
[EventRounds "11"]
[EventCountry "FRA"]
[SourceTitle "CBM 120 Extra"]
[Source "ChessBase"]
[SourceDate "2007.11.01"]
[SourceVersion "1"]
[SourceVersionDate "2007.11.01"]
[SourceQuality "1"]

1. d4 Nf6 2. c4 c5 3. d5 e6 4. Nc3 exd5 5. cxd5 d6 6. e4 g6 7. Nge2 Bg7 8. Ng3 0-0 9. Be2 Na6 10. 0-0 Nc7 11. a4 Rb8 12. f4 b6 13. Bf3 Bb7 14. Re1 Qd7 15. e5 dxe5 16. d6 Bxf3 17. Qxf3 Ne6 18. fxe5 Nd4 19. Qd1 Ng4 20. e6 fxe6 21. Qxg4 Nc2 22. Bf4 Nxa1 23. Rxa1 Bd4+ 24. Kh1 Qf7 25. Nce2 e5 26. Bh6 Rfd8 27. Rf1 Qd5 28. Ne4 Kh8 29. Qg5 Qe6 30. Qe7 Qxe7 31. dxe7 Rg8 32. Rf7 1-0